000 00717nam a2200253Ia 4500
003 OSt
005 20221006142800.0
006 a|||||r|||| 00| 0
007 ta
008 221006b |||||||| |||| 00| 0 eng d
020 _c2388.40
024 _a7,192
037 _cTextual
040 _aEASL
_cEASL
_beng
041 _2eng
_aeng
082 _aY33.41.N95, N6
100 _aGaubatz Piper Rae
_9648422
245 0 _aBeyond the great wall
_b Urban form and transformation on the Chinese frontiers
260 _aStanford
_bStanford University Press
_c1996
300 _a378p.
_ccm.
490 _v CEL
942 _hY33.41.N95, N6
_cTEXL
_2CC
999 _c1075278
_d1075278